Jujutsu Kaisen Personnages par Images - Statistiques

Statistiques générales
  • Ce quiz a été pris 63 fois
  • Le résultat moyen est 40 sur 132
Statistiques - réponses
Par images Réponse % Correct
Ryomen Sukuna
100%
Satoru Gojo
100%
Yuji Itadori
100%
Megumi Fushiguro
98%
Nobara Kugisaki
98%
Maki Zenin
93%
Yu Haibara
93%
Kento Nanami
91%
Panda
91%
Yuta Okkotsu
87%
Suguru Geto
85%
Toji Fushiguro
85%
Jogo
80%
Mai Zenin
76%
Aoi Todo
74%
Mahito
74%
Choso
72%
Mei Mei
72%
Tengen
72%
Toge Inumaki
72%
Ken
70%
L'Ange / Hana Kurusu
67%
Mechamaru
65%
Hanami
61%
Kenjaku
61%
Kinji Hakari
61%
Naoya Zenin
59%
Yuki Tsukumo
59%
Shoko Ieiri
57%
Ui Ui
57%
Hiromi Higuruma
50%
Makora / Mahoraga
50%
Noritoshi Kamo
50%
Utahime Iori
50%
Kirara Hoshi
48%
Masamichi Yaga
48%
Junpei Yoshino
46%
Kasumi Miwa
46%
Rika Orimoto
46%
Uraume
46%
Atsuya Kusakabe
43%
Dagon
43%
Miguel
43%
Fumihiko Takaba
41%
Hajime Kashimo
41%
Naobito Zenin
39%
Jin Itadori
37%
Ryu Ishigori
37%
Momo Nishimiya
35%
Riko Amanai
35%
Takako Uro
35%
Kiyotaka Ijichi
30%
Reggie Star / Lazy Star
30%
Eso
28%
Dhruv Lakdawalla
26%
Jinichi Zenin
26%
Ogi Zenin
26%
Takuma Ino
26%
Akari Nitta
24%
Kechizu
24%
Mimiko Hasaba
24%
Noritoshi Kamo
24%
Yoshinobu Gakuganji
24%
Haruta Shigemo
22%
Kogane
22%
Kokichi Muta
22%
Nanako Hasaba
22%
Ranta Zenin
22%
Remi
22%
Kaori Itadori
20%
Tsumiki Fushiguro
20%
Iori Hazenoki
15%
Arata Nitta
13%
Juzo Kumiya
13%
Kurourushi
13%
Larue
13%
Nobuko Takada
13%
Wasuke Itadori
13%
Chojuro Zenin
11%
Nobuaki Zenin
11%
Fumi
9%
Jiro Awasaka
9%
Misato Kuroi
9%
Niji Ebina
9%
Rin Amai
9%
Yuko Ozawa
9%
Bayer
7%
Chizuru Hari
7%
Haba
7%
Hanyu
7%
Manami Suda
7%
Ogami
7%
Toshihisa Negi
7%
Cathy
4%
Gong Shi Woo
4%
Kokun
4%
Takeru
4%
Takeru
4%
Tsukamoto
4%
Hiroshi Yamato
2%
John Bobby
2%
Nagi Yoshino
2%
Petit-fils d'Ogami
2%
Saito
2%
Saito
2%
Saori
2%
Setsuko Sasaki
2%
Tadashi Okazaki
2%
Tasuke
2%
Aida
0%
Chisaki Okazaki
0%
Fujinuma
0%
Fujinuma
0%
Furudate
0%
Honda
0%
Honoka
0%
Kanemori
0%
Keita Oe
0%
Nishimura
0%
Osamu Shimada
0%
Sayama
0%
Shigeru Sonoda
0%
Shimizu
0%
Shota Ito
0%
Sotomura
0%
Taichi Kanada
0%
Takagi
0%
Takagi
0%
Takeda
0%
Takeshi Iguchi
0%
Tsubasa
0%
Yoshizawa
0%
Aucun quiz correspondant
Distribution des résultats
% des personnes avec chaque résultat
Percentile par nombre de réponses
Votre historique - résultats
Vous n’avez pas pris ce quiz